000 01678nam a22002057a 4500
999 _c63910
_d63910
003 Ge_BSU
005 20260218151929.0
008 260218s2025 ge ||||| |||| 00| 0 geo d
020 _a9789941523502
041 _ageo
080 _a316.647.5(479.22)(063) ქ-27
245 _a"ქართული ტოლერანტობა - გუშინ და დღეს" :
_bსამეცნიერო-პრაქტიკული კონფერენცია /
_cმთ. რედაქტორი თემურ ჯაგოდნიშვილი; საქართველოს ტექნიკური უნივერსიტეტი, საინჟინრო ეკონომიკის, მედიატექნოლოგიებისა და სოციალური მეცნიერებათა ფაკულტეტი.
264 _aთბილისი :
_bმწიგნობარი,
_c2025.
300 _a175 გვ. ;
_b20 სმ.
653 _aქართული ტოლერანტობა
653 _aსამეცნიერო-პრაქტიკული კონფერენცია
700 _aჯაგოდნიშვილი, თემურ
_eმთ. რედაქტორი
_926915
710 _aსაქართველოს ტექნიკური უნივერსიტეტი
_bსაინჟინრო ეკონომიკის, მედიატექნოლოგიებისა და სოციალური მეცნიერებათა ფაკულტეტი.
_926916
942 _2udc
_cᲬᲘᲒᲜᲘ